000 00433nam a22001577a 4500
020 _a9789382654155
082 _aM4
_bUSH/U
100 _aUshakumari G
245 _aUdal oru neythu:
_bsamskarathinte sthree vayana/
_cby Ushakumari G
260 _aKottayam:
_bSahitya Pravarthaka Sahakarana Samgham,
_c2013.
300 _a144p.
650 _aEssays Malayalam
650 _aLiterature Malayalam
650 _aLiterature
942 _cBK
999 _c63738
_d63738